| 000 | 00994nam a2200325 a 4500 | ||
|---|---|---|---|
| 003 | AR-BaBNM | ||
| 005 | 20251128203325.0 | ||
| 008 | 082120s2002 ||||||||||||||000 | spa|| | ||
| 040 | _cAR-BaBNM | ||
| 100 | 1 | _aKay, William | |
| 245 | 0 | 0 |
_aEl desarrollo moral _bsu estudio psicológico desde la niñez hasta la adolescencia |
| 250 | _a1ª ed. | ||
| 260 |
_aBuenos Aires _bEl Ateneo _c1976 |
||
| 300 | _axv, 261 p. | ||
| 490 | 0 | _aNuevas orientaciones de la educación. Problemática de la educación | |
| 504 | _aBibliografía al final de cada capítulo | ||
| 650 | 4 | _aEDUCACION MORAL | |
| 650 | 4 | _aVALORES MORALES | |
| 650 | 4 | _aDESARROLLO MORAL | |
| 650 | 4 | _aADOLESCENTES | |
| 650 | 4 | _aPROBLEMAS DE LA PERSONALIDAD | |
| 650 | 4 | _aPENSAMIENTO LOGICO | |
| 650 | 4 | _aCONCIENCIA MORAL | |
| 700 | 1 |
_aThomas, Juan Jorge _etraductor |
|
| 800 | 1 | _aTula, María Arsenia | |
| 800 | 1 | _aBähler, N. Ruth | |
| 800 | 1 |
_aMárquez, Angel Diego _edirector |
|
| 942 | _cBK | ||
| 998 | _cCarmen | ||
| 999 |
_c2899 _d2899 |
||